[Event "Master Open"]
[Site "Voronezh"]
[Date "2018.06.13"]
[Round "2.30"]
[White "Korneev, Oleg"]
[Black "Volovich, Vasily"]
[Result "1/2-1/2"]
[WhiteElo "2517"]
[BlackElo "2244"]
[Annotator ""]
[Source ""]
[Remark ""]

1.e4 e6 2.d4 d5 3.exd5 exd5 4.Bd3 c5 5.Nf3 c4 6.Be2 Nf6 7.b3
cxb3 8.axb3 Be7 9.O-O O-O 10.c4 Nc6 11.Nc3 Bg4 12.h3 Bxf3 13.Bxf3
dxc4 14.Bxc6 bxc6 15.bxc4 a5 16.Be3 Qc7 17.Qf3 Rfd8 18.Rfd1 Rab8
19.Bf4 Bd6 20.Bxd6 Rxd6 21.Qf4 Ne8 22.c5 Rd7 23.Qxc7 Nxc7 24.Rxa5
Rbd8 25.Ra7 Ne6 26.Rxd7 Rxd7 27.Ne2 Nxc5 28.Rc1 Ne6 29.Rxc6 Kf8
30.Rc4 Ke7 31.f3 Kd6 32.Kf2 Rb7 33.Ke3 Rb2 34.Kd3 Ra2 35.Rc2
Ra1 36.Nc3 Rg1 37.Ke4 Re1+ 38.Re2 Rc1 39.Nb5+ Kd7 40.Kf5 Kc6
41.Rb2 Ra1 42.d5+ Kxd5 43.Rd2+ Kc5 44.Nc3 Kc6 45.Kg4 Ra5 46.h4
Rc5 47.Ne2 h5+ 48.Kg3 g6 49.Nd4+ Kd6 50.Nf5+ Ke5 51.Nd6 Rc7 52.Ne4
f5 53.Ng5 f4+ 54.Kh2 Nxg5 55.hxg5 Rc5 56.Ra2 Kf5 57.Ra6 Kxg5
58.Rb6 Kf5 59.Rb8 g5 60.Rf8+ Kg6 61.Kh3 Rc1 62.Kh2 Kg7 63.Rf5
Kh6 64.Rf6+ Kg7 65.Rf5 Kg6 66.Rf8 Rc7 67.Kh3 Rf7 68.Ra8 Rf6 69.Rb8
Re6 70.Rf8 Kg7 71.Rf5 Re1 72.Kh2 Kg6 73.Rf8 Re6 74.Rg8+ Kf5 75.Rh8
Kg6 76.Rg8+ 1/2-1/2

[Event "Master Open"]
[Site "Voronezh"]
[Date "2018.06.13"]
[Round "2.31"]
[White "Matinian, Nikita"]
[Black "Zhitnikov, Konstantin"]
[Result "1/2-1/2"]
[WhiteElo "2496"]
[BlackElo "2255"]
[Annotator ""]
[Source ""]
[Remark ""]

1.e4 c6 2.d4 d5 3.e5 Bf5 4.Nf3 e6 5.Be2 c5 6.Be3 cxd4 7.Nxd4
Ne7 8.O-O Nbc6 9.Bb5 a6 10.Bxc6+ bxc6 11.b4 Bg6 12.Nd2 Nf5 13.Nxf5
Bxf5 14.c3 Qc7 15.f4 a5 16.a3 Bd3 17.Rf3 a4 18.Kh1 Be7 19.Qg1
Bg6 20.Bd4 O-O 21.g4 f5 22.exf6 Bxf6 23.Re1 e5 24.fxe5 Bg5 25.Qg2
Bxd2 26.Rxf8+ Rxf8 27.Qxd2 Qf7 28.Qe3 Be4+ 29.Kg1 Qg6 30.Qg3
Rf3 31.Qh4 h6 32.Rf1 Qf7 33.Rxf3 Qxf3 34.Qg3 Qd1+ 35.Kf2 Qd2+
36.Kg1 Qc1+ 37.Kf2 Qd2+ 38.Kg1 Qc1+ 39.Kf2 Qd2+ 40.Kg1 Qc1+ 1/2-1/2

[Event "Master Open"]
[Site "Voronezh"]
[Date "2018.06.13"]
[Round "2.32"]
[White "Murzin, Volodar"]
[Black "Khegay, Dmitriy"]
[Result "0-1"]
[WhiteElo "2268"]
[BlackElo "2495"]
[Annotator ""]
[Source ""]
[Remark ""]

1.e4 e6 2.d3 c5 3.Nf3 Nc6 4.g3 g6 5.Bg2 Bg7 6.O-O Nge7 7.c3 e5
8.Be3 d6 9.d4 exd4 10.cxd4 Bg4 11.d5 Ne5 12.Nbd2 O-O 13.Qc2 Bxf3
14.Nxf3 Nxf3+ 15.Bxf3 b5 16.a4 a6 17.axb5 axb5 18.Rxa8 Qxa8 19.Be2
Qa6 20.b3 Qb7 21.Bf4 Qd7 22.Qd2 Ra8 23.Bh6 Bh8 24.Qf4 Be5 25.Qh4
b4 26.Bg5 Nc8 27.Bg4 Qe8 28.Bxc8 Rxc8 29.Bf6 c4 30.bxc4 Rxc4
31.Rb1 Bxf6 32.Qxf6 Qxe4 33.Rd1 b3 34.Qxd6 Kg7 35.Qa3 Qc2 36.Rf1
b2 37.Qa2 Ra4 38.Qb1 Qxb1 39.Rxb1 Ra1 40.Rxa1 bxa1Q+ 0-1

[Event "Master Open"]
[Site "Voronezh"]
[Date "2018.06.13"]
[Round "2.33"]
[White "Odegov, Artem"]
[Black "Pavlov, Sergey"]
[Result "0-1"]
[WhiteElo "2219"]
[BlackElo "2489"]
[Annotator ""]
[Source ""]
[Remark ""]

1.d4 Nf6 2.c4 e6 3.g3 d5 4.Nf3 dxc4 5.Bg2 Bb4+ 6.Bd2 a5 7.a3
Bxd2+ 8.Nbxd2 b5 9.b3 cxb3 10.Qxb3 c6 11.O-O O-O 12.Rfc1 Bb7
13.e4 Nbd7 14.e5 Nd5 15.Ne4 Rb8 16.Nd6 Ba8 17.Qd3 h6 18.Rab1
b4 19.Ne4 Qe7 20.Qa6 Rb6 21.Qxa5 Bb7 22.Qa4 Ra8 23.Qc2 Rxa3 24.Nfd2
Nc3 25.Nxc3 Rxc3 26.Qa4 c5 27.Bxb7 Rxc1+ 28.Rxc1 Rxb7 29.dxc5
Nxe5 30.Nb3 Qd8 31.c6 Rc7 32.Qa5 Qd6 33.Qa6 Kh7 34.f4 Nxc6 35.Qa4
Qd5 36.h4 Ra7 37.Qxc6 Qxb3 38.Qc2+ Qxc2 39.Rxc2 b3 40.Rb2 Ra1+ 0-1

[Event "Master Open"]
[Site "Voronezh"]
[Date "2018.06.13"]
[Round "2.34"]
[White "Khanin, Semen"]
[Black "Geshko, Aleksey"]
[Result "1-0"]
[WhiteElo "2485"]
[BlackElo "2213"]
[Annotator ""]
[Source ""]
[Remark ""]

1.e4 c6 2.d4 d5 3.e5 Bf5 4.Nf3 e6 5.Be2 c5 6.Be3 Nd7 7.O-O Rc8
8.c4 Ne7 9.Nc3 dxc4 10.d5 exd5 11.Nxd5 Be4 12.Bxc4 Bxf3 13.Qxf3
Nxe5 14.Bb5+ Rc6 15.Bxc6+ bxc6 16.Qg3 Qxd5 17.Rad1 Qe6 18.Bxc5
Nf5 19.Qa3 Bxc5 20.Qxc5 Qe7 21.Qc3 O-O 22.Rfe1 f6 23.f4 Re8 24.fxe5
fxe5 25.Qxc6 g6 26.Re4 Rd8 27.Rxd8+ Qxd8 28.Qe6+ Kf8 29.Qxe5
Qb6+ 30.Kh1 Qa6 31.Qh8+ Kf7 32.Qxh7+ Kf6 33.Qh8+ Kf7 34.Qe8+
Kf6 35.Qf8+ 1-0

[Event "Master Open"]
[Site "Voronezh"]
[Date "2018.06.13"]
[Round "2.35"]
[White "Sukhareva, Evgeniya"]
[Black "Mammadzada, Gunay"]
[Result "0-1"]
[WhiteElo "2234"]
[BlackElo "2442"]
[Annotator ""]
[Source ""]
[Remark ""]

1.d4 Nf6 2.c4 e6 3.Nc3 Bb4 4.Qc2 d6 5.g3 c5 6.Nf3 Nc6 7.dxc5
Bxc5 8.Bg2 h6 9.O-O O-O 10.a3 e5 11.e3 Be6 12.Na4 Bb6 13.Rd1
Bc7 14.b3 Qc8 15.Nc3 Rd8 16.Nd5 Bxd5 17.cxd5 Ne7 18.Ne1 Ba5 19.b4
Qxc2 20.Nxc2 Rac8 21.Ne1 Bb6 22.Bb2 Rc4 23.Bf1 Rcc8 24.Bg2 a5
25.Bh3 Ra8 26.b5 a4 27.Rab1 g5 28.Kf1 g4 29.Bg2 Rac8 30.Ba1 Ba5
31.Rbc1 Rxc1 32.Rxc1 Nfxd5 33.Rd1 Rc8 34.Be4 Rc5 35.Bd3 f5 36.Bb2
Kf7 37.Rc1 Bc3 38.Bxc3 Nxc3 39.Kg2 Ke6 40.h3 h5 41.hxg4 hxg4
42.Bf1 Ned5 43.Rc2 Rc7 44.Kg1 Nb6 45.Bd3 d5 46.Bf1 Kd6 47.Nd3
Nd7 48.Nb4 e4 49.Rb2 Ne5 0-1

[Event "Master Open"]
[Site "Voronezh"]
[Date "2018.06.13"]
[Round "2.37"]
[White "Domogaev, Sergey"]
[Black "Stukan, Martin"]
[Result "1-0"]
[WhiteElo "2433"]
[BlackElo "2183"]
[Annotator ""]
[Source ""]
[Remark ""]

1.d4 Nf6 2.c4 g6 3.Nc3 d5 4.Nf3 Bg7 5.e3 O-O 6.Bd2 c6 7.h3 Nbd7
8.cxd5 cxd5 9.Bd3 b6 10.O-O Bb7 11.Qb3 Ne4 12.Rfd1 Nxd2 13.Rxd2
Nf6 14.Rc2 Rc8 15.Rac1 e6 16.Nb5 Rxc2 17.Rxc2 Qb8 18.Qa3 a5 19.Ne5
Ba6 20.Nc6 Qb7 21.Nd6 Qa8 22.Bxa6 Qxa6 23.Ne7+ Kh8 24.Rc8 h6
25.Nxf7+ Kh7 26.Nd6 Qe2 27.Rxf8 Bxf8 28.Qc3 Bxe7 29.Qc7 Ng8 30.Nc8
Qc4 31.Qd7 Qb4 32.a3 Qe1+ 33.Kh2 Qxf2 34.Nxe7 Qf7 35.Nxg8 Kxg8
36.Qd8+ Kg7 37.Qxb6 a4 38.Qd6 g5 39.Kg1 Kg6 40.Qc6 Qf5 41.Qe8+
Kg7 42.Qxa4 Qb1+ 43.Kh2 Qxb2 44.Qb4 Qc1 45.Qe7+ Kg6 46.Qxe6+
Kg7 47.Qxd5 Qxa3 48.Qe5+ Kg6 49.d5 Qc5 50.Kg3 Qa5 51.Qe6+ Kg7
52.d6 Qe1+ 53.Kh2 Qc3 54.Qe7+ Kg6 55.Qe4+ Kf7 56.Qf5+ Kg7 57.e4
Qd3 58.d7 1-0

[Event "Master Open"]
[Site "Voronezh"]
[Date "2018.06.13"]
[Round "2.38"]
[White "Drygalov, Sergey"]
[Black "Lysenko, Margarita"]
[Result "1-0"]
[WhiteElo "2428"]
[BlackElo "2203"]
[Annotator ""]
[Source ""]
[Remark ""]

1.d4 Nf6 2.c4 g6 3.Nf3 Bg7 4.g3 O-O 5.Bg2 d6 6.O-O Nbd7 7.Qc2
c6 8.b3 Qc7 9.e4 e5 10.Bb2 Re8 11.Nc3 a5 12.Rad1 b6 13.Rfe1 Bb7
14.h3 Rad8 15.Qb1 Nh5 16.a3 Qb8 17.Qc2 Nf8 18.d5 c5 19.Rb1 Ba6
20.Qd3 Qc7 21.Bc1 Qd7 22.b4 axb4 23.axb4 Rb8 24.Bf1 Ra8 25.Bd2
f5 26.bxc5 bxc5 27.Rb6 h6 28.Kh2 Nh7 29.Nh4 Ng5 30.exf5 e4 31.Nxe4
Nxe4 32.Rxe4 g5 33.Ng6 Rxe4 34.Qxe4 Re8 35.Qf3 Bc8 36.Qxh5 Qxf5
37.Nf4 Rf8 38.Bd3 Qf6 39.Ng2 Qxf2 40.Be3 Qxg3+ 41.Kxg3 Be5+ 42.Bf4 1-0

[Event "Master Open"]
[Site "Voronezh"]
[Date "2018.06.13"]
[Round "2.39"]
[White "Thrish, Karthik"]
[Black "Polschikov, Alexey"]
[Result "1/2-1/2"]
[WhiteElo "2111"]
[BlackElo "2398"]
[Annotator ""]
[Source ""]
[Remark ""]

1.e4 e5 2.Nf3 Nf6 3.Nxe5 d6 4.Nf3 Nxe4 5.Nc3 Nf6 6.d4 Be7 7.Bd3
O-O 8.O-O Bg4 9.h3 Bh5 10.Re1 Re8 11.Ne4 Nc6 12.c3 Qd7 13.Ng3
Bg6 14.Bxg6 hxg6 15.Bg5 Bf8 16.Qd2 Rxe1+ 17.Rxe1 Re8 18.Rxe8
Qxe8 19.Qe3 Qxe3 20.Bxe3 d5 21.Bf4 Ne8 22.Nf1 Nd8 23.Ne3 Ne6
24.Bg3 c6 25.Bb8 a6 26.Nd2 f6 27.Kf1 Kf7 28.Ke2 g5 29.g3 Ke7
30.g4 Kd7 31.Bg3 Bd6 32.Ng2 b6 33.Bxd6 Nxd6 34.Ke3 c5 35.f4 cxd4+
36.cxd4 gxf4+ 37.Nxf4 Nxf4 38.Kxf4 g5+ 39.Ke3 Kc6 40.Kd3 a5 41.a4
b5 42.b3 Kb6 43.Nf1 bxa4 44.bxa4 Ne4 45.Ne3 Kc6 46.Nd1 Kd6 47.Ke3
Ke6 48.Kd3 f5 49.Ke3 Nd6 50.Kd3 Nc4 51.gxf5+ Kf6 52.Ne3 Nxe3
53.Kxe3 Kxf5 54.Kf3 Kf6 1/2-1/2

[Event "Master Open"]
[Site "Voronezh"]
[Date "2018.06.13"]
[Round "2.40"]
[White "Zaika, Daniil"]
[Black "Peskov, Alexsey"]
[Result "1-0"]
[WhiteElo "2118"]
[BlackElo "2391"]
[Annotator ""]
[Source ""]
[Remark ""]

1.d4 Nf6 2.c4 e6 3.Nf3 Bb4+ 4.Nbd2 b6 5.a3 Bxd2+ 6.Qxd2 Bb7 7.e3
d6 8.Be2 O-O 9.O-O Nbd7 10.b4 Qe7 11.Bb2 Ne4 12.Qc2 f5 13.d5
e5 14.Nd2 Nxd2 15.Qxd2 Nf6 16.f3 a5 17.Bc3 axb4 18.axb4 b5 19.cxb5
Bxd5 20.Qc2 Be6 21.Ra5 Nd5 22.Bd2 Nb6 23.Rc1 Rfc8 24.Bd3 Qf7
25.e4 f4 26.Be1 Qe8 27.Bf2 Bd7 28.Bxb6 cxb6 29.Rxa8 Rxa8 30.Qc7
Be6 31.Qc6 Qd8 32.Bc4 Bxc4 33.Qxc4+ Kh8 34.Qe6 h6 35.h3 Qh4 36.Qxd6
Qg5 37.Qe6 Rd8 38.Rc8 Rxc8 39.Qxc8+ Kh7 40.Qe6 Qf6 41.Qd7 Qf8
42.Kf1 Kg8 43.Qc7 Qf6 44.Qc8+ Kh7 45.Qd7 Qg5 46.h4 Qf6 47.Ke2
Kh8 48.Qc8+ Kh7 49.Qd7 Kh8 50.Kd3 Qxh4 51.Qe8+ Kh7 52.Qxe5 Qe1
53.Qxf4 Qxb4 54.Qf5+ Kh8 55.Qc8+ Kh7 56.Qc6 Qb1+ 57.Ke2 Qg1 58.g4
Qg2+ 59.Ke3 Qg1+ 60.Kf4 Qf2 61.Qd7 Qh2+ 62.Kf5 Qe2 63.Ke5 Qe3
64.Qf5+ Kg8 65.Kd6 Qc3 66.Qd5+ Kh8 67.e5 Qc8 68.Qc6 Qb8+ 69.Ke6
Kg8 70.Kd7 Qxe5 71.Qe6+ Qxe6+ 72.Kxe6 Kh7 73.Kf7 g6 74.Kf6 g5
75.Kf7 h5 76.gxh5 Kh6 77.Kf6 Kxh5 78.Kf5 Kh6 79.f4 1-0

[Event "Master Open"]
[Site "Voronezh"]
[Date "2018.06.13"]
[Round "2.41"]
[White "Bedenko, Nikita"]
[Black "Yeritsyan, Aram"]
[Result "0-1"]
[WhiteElo "1967"]
[BlackElo "2370"]
[Annotator ""]
[Source ""]
[Remark ""]

1.e4 e5 2.Nf3 Nc6 3.Bb5 a6 4.Ba4 Nge7 5.O-O g6 6.c3 Bg7 7.d4
exd4 8.cxd4 b5 9.Bb3 O-O 10.Nc3 Na5 11.Bc2 d6 12.h3 Bb7 13.b3
c5 14.Ne2 f5 15.Ng3 fxe4 16.Bxe4 Bxe4 17.Nxe4 Nf5 18.Bb2 Nc6
19.d5 Bxb2 20.Rb1 Nfd4 21.Nxd4 Bxd4 22.dxc6 d5 23.Nd2 Rc8 24.Nf3
Bg7 25.Re1 d4 26.Qe2 Qd5 27.a4 d3 28.Qe6+ Qxe6 29.Rxe6 Rf6 30.Re3
Rd6 31.Rbe1 Rcxc6 32.Re8+ Bf8 33.axb5 axb5 34.Ne5 Rc7 35.Ra8
c4 36.bxc4 bxc4 37.Nf3 d2 38.Nxd2 Rxd2 39.Ree8 Rf7 40.Rac8 Rfxf2
41.Rxc4 Rxg2+ 42.Kf1 Rdf2+ 43.Ke1 Ra2 0-1

[Event "Master Open"]
[Site "Voronezh"]
[Date "2018.06.13"]
[Round "2.42"]
[White "Sinitsina, Anastassia"]
[Black "Malyshev, Grigory"]
[Result "1/2-1/2"]
[WhiteElo "2009"]
[BlackElo "2362"]
[Annotator ""]
[Source ""]
[Remark ""]

1.e4 c6 2.d4 d5 3.Nd2 dxe4 4.Nxe4 Bf5 5.Ng3 Bg6 6.Nh3 Nf6 7.Nf4
e5 8.Nxg6 hxg6 9.dxe5 Qa5+ 10.Bd2 Qxe5+ 11.Qe2 Qxe2+ 12.Bxe2
Nbd7 13.O-O-O Bc5 14.f3 Nb6 15.c4 O-O-O 16.Kc2 Nbd7 17.b4 Bd4
18.Bf4 Nf8 19.Bd3 Ne6 20.Bc1 Be5 21.Be3 Bd4 22.Bxd4 Nxd4+ 23.Kc3
Ne6 24.Ne2 Rd7 25.h3 Nh5 26.g3 Rhd8 27.h4 Kc7 28.Bc2 Nf6 29.Rxd7+
Nxd7 30.f4 c5 31.a3 Nf6 32.Rd1 Ne4+ 33.Kb2 Rxd1 34.Bxd1 Nd6 35.Kc3
Nf5 36.Ba4 Kd6 37.Kd3 b6 38.Ke4 Ned4 39.Nxd4 Nxd4 40.Be8 Ke7
41.Ba4 Ke6 42.bxc5 bxc5 43.Bd1 Kd6 44.h5 gxh5 45.Bxh5 g6 46.Bd1
Nf5 47.g4 Nd4 48.Ba4 f5+ 49.gxf5 gxf5+ 50.Ke3 Ke7 51.Kf2 Ne6
52.Kg3 Nd8 53.Bc2 Kf6 54.Ba4 Nb7 55.Bc6 Na5 56.Bd5 Nb3 57.a4
a5 58.Bc6 Nd4 59.Bb7 Kg6 60.Bc8 Nb3 61.Bd7 Nc1 62.Be8+ Kf6 63.Bd7
Ne2+ 64.Kf3 Nc3 1/2-1/2

[Event "Master Open"]
[Site "Voronezh"]
[Date "2018.06.13"]
[Round "2.43"]
[White "Golubov, Saveliy"]
[Black "Mendonca, Leon Luke"]
[Result "1-0"]
[WhiteElo "2493"]
[BlackElo "2228"]
[Annotator ""]
[Source ""]
[Remark ""]

1.e4 c5 2.Nf3 d6 3.d4 cxd4 4.Nxd4 Nf6 5.Nc3 g6 6.Be2 Bg7 7.O-O
O-O 8.Re1 Nc6 9.Nb3 a6 10.Bf1 Be6 11.Nd5 Rc8 12.c3 Ne5 13.Bg5
Bxd5 14.exd5 Qd7 15.Qd2 Nc4 16.Bxc4 Rxc4 17.f3 Rc7 18.Na5 Nxd5
19.Qxd5 Rc5 20.Qd2 f6 21.Bxf6 Bxf6 22.Nb3 Rh5 23.f4 Qg4 24.g3
Qf3 25.Re3 Qc6 26.Rd1 Qb6 27.Nc1 Qc6 28.Nd3 a5 29.Nf2 e5 30.Qxd6
Qxd6 31.Rxd6 exf4 32.gxf4 Bg7 33.Nd3 Bh6 34.Rd4 Rhf5 35.Re7 Bxf4
36.Nxf4 Rxf4 37.Rxf4 Rxf4 38.Rxb7 Rf5 39.a4 Rd5 40.b4 Rd1+ 41.Kf2
Ra1 42.b5 Rxa4 43.b6 Ra2+ 44.Ke3 Rb2 45.c4 a4 46.c5 a3 47.Ra7
a2 48.Kd4 g5 49.Kd5 g4 50.Kc6 Rxh2 51.b7 Rb2 52.Rxa2 Rb1 53.Ra6
Rxb7 54.Kxb7 g3 55.Ra3 1-0

[Event "Master Open"]
[Site "Voronezh"]
[Date "2018.06.13"]
[Round "2.44"]
[White "Ulko, Jaroslav"]
[Black "Tsvetkov, Andrey"]
[Result "1-0"]
[WhiteElo "2442"]
[BlackElo "2220"]
[Annotator ""]
[Source ""]
[Remark ""]

1.d4 d5 2.c4 e6 3.Nf3 Nf6 4.e3 b6 5.Bd3 Bb7 6.O-O Be7 7.b3 O-O
8.Bb2 c5 9.Nbd2 Nc6 10.Rc1 Rc8 11.a3 h6 12.Qe2 Re8 13.cxd5 exd5
14.Bb5 Bd6 15.Rfd1 Qe7 16.Nf1 Qe6 17.dxc5 bxc5 18.b4 cxb4 19.Bxc6
Bxc6 20.Nd4 Qd7 21.Nxc6 Rxc6 22.Rxc6 Qxc6 23.Bxf6 gxf6 24.axb4
Rb8 25.Rd4 Kf8 26.Qd2 Rd8 27.Rh4 Be5 28.Rxh6 Qc4 29.Ng3 Bc3 30.Qd1
Rd7 31.Nf5 Kg8 32.f4 1-0

[Event "Master Open"]
[Site "Voronezh"]
[Date "2018.06.13"]
[Round "2.45"]
[White "Apryshko, Gleb"]
[Black "Shaydullina, Sandugach"]
[Result "1-0"]
[WhiteElo "2366"]
[BlackElo "2198"]
[Annotator ""]
[Source ""]
[Remark ""]

1.Nf3 d5 2.g3 c6 3.Bg2 Nf6 4.O-O Bf5 5.d3 h6 6.Nfd2 e6 7.e4 Bh7
8.Qe2 Be7 9.f4 O-O 10.Kh1 Re8 11.g4 Nfd7 12.Nc3 f5 13.gxf5 d4
14.fxe6 Nc5 15.Nd1 Nxe6 16.Qg4 Nf8 17.e5 Kh8 18.Nf3 Na6 19.f5
Nd7 20.Bh3 Bf8 21.Bf4 Nb4 22.Rf2 Nd5 23.Bg3 Qa5 24.Re2 c5 25.Nh4
Rad8 26.Bg2 c4 27.Ng6+ Bxg6 28.Qxg6 cxd3 29.cxd3 N7f6 30.Be4
Nxe4 31.Rxe4 Qd2 32.Nf2 Ne3 33.f6 Rc8 34.h4 Red8 35.e6 Qe2 36.Be5
Qf3+ 37.Kg1 gxf6 38.Bxf6+ Qxf6 39.Qxf6+ Bg7 40.Qg6 Rg8 41.Kh1
Nd5 42.e7 Nf6 43.Re6 Ne8 44.Rg1 Rc6 45.Rxc6 bxc6 46.Ne4 1-0

[Event "Master Open"]
[Site "Voronezh"]
[Date "2018.06.13"]
[Round "2.46"]
[White "Davydov, Sergey P."]
[Black "Pogosyan, Stefan"]
[Result "0-1"]
[WhiteElo "2213"]
[BlackElo "2359"]
[Annotator ""]
[Source ""]
[Remark ""]

1.d4 Nf6 2.Nf3 e6 3.Bg5 c5 4.e3 Be7 5.Nbd2 O-O 6.Bd3 b6 7.c3
Bb7 8.O-O d6 9.e4 cxd4 10.cxd4 Nbd7 11.Qe2 e5 12.d5 Nxd5 13.Bxe7
Nxe7 14.Nc4 Nc5 15.Rfd1 Nc6 16.Qe3 Qe7 17.Bc2 Rfd8 18.Qa3 b5
19.Na5 Nxa5 20.Qxa5 Nxe4 21.Qxb5 Nc5 22.Qe2 Ne6 23.Qe3 Bxf3 24.gxf3
Nf4 25.Kh1 d5 26.Re1 Qg5 27.Rg1 Qf6 28.Rae1 Rac8 29.Bb3 Ng6 30.Rg3
d4 31.Qe4 d3 32.Rd1 Nf4 33.h3 d2 34.Qe3 Rc1 35.Kh2 Rxd1 36.Bxd1
Qb6 37.Kg1 Qxb2 38.Rg5 Qb1 0-1

[Event "Master Open"]
[Site "Voronezh"]
[Date "2018.06.13"]
[Round "2.47"]
[White "Sattarov, Bobir"]
[Black "Klimentov, Roman"]
[Result "1-0"]
[WhiteElo "2351"]
[BlackElo "2180"]
[Annotator ""]
[Source ""]
[Remark ""]

1.e4 c5 2.Nf3 e6 3.d4 cxd4 4.Nxd4 Nf6 5.Nc3 d6 6.g4 h6 7.Bg2
Nc6 8.h3 a6 9.Be3 Ne5 10.O-O g5 11.Qe2 Be7 12.Rad1 Qc7 13.Nf3
Bd7 14.Rd4 Nc6 15.Rd3 O-O-O 16.Na4 Rdg8 17.Nb6+ Kb8 18.Rb3 Be8
19.e5 dxe5 20.Nc4 Nd5 21.Nfxe5 h5 22.Nxc6+ Bxc6 23.Ne5 hxg4 24.Qxa6
Qxe5 25.Qxc6 Qc7 26.Bxd5 exd5 27.Ba7+ Kc8 28.Qxd5 Rxh3 29.Qf5+
Qd7 30.Qxd7+ Kxd7 31.Rxb7+ Kc6 32.Rxe7 f5 33.Rfe1 Rgh8 34.R1e6+
Kb5 35.Re5+ Ka6 36.Rxf5 Rh1+ 37.Kg2 R1h2+ 38.Kf1 g3 39.b4 g4
40.Ra5# 1-0

[Event "Master Open"]
[Site "Voronezh"]
[Date "2018.06.13"]
[Round "2.48"]
[White "Medzinovskiy, Petr"]
[Black "Demianjuk, Alexander"]
[Result "0-1"]
[WhiteElo "2213"]
[BlackElo "2346"]
[Annotator ""]
[Source ""]
[Remark ""]

1.e4 c5 2.Nf3 d6 3.d4 cxd4 4.Nxd4 Nf6 5.Nc3 Nc6 6.Bg5 e6 7.Qd2
a6 8.O-O-O Bd7 9.f4 b5 10.f5 b4 11.fxe6 fxe6 12.Nxc6 Bxc6 13.Bxf6
Qxf6 14.Ne2 Be7 15.Ng3 Qe5 16.Qxb4 O-O 17.Qd4 Qg5+ 18.Kb1 Rab8
19.c3 Bf6 20.Qxd6 Bxc3 21.Qxe6+ Kh8 22.b3 Rf2 23.Be2 Bb5 24.Qd6
Be5 25.Qc5 Rxe2 26.Nxe2 Bxe2 27.Rd5 Qxg2 28.Rxe5 Qxh1+ 29.Kb2
Qxh2 30.Qd6 Rg8 31.Qc5 Bd3+ 32.Ka3 Bb1 33.Rh5 Qxa2+ 34.Kb4 Rb8+ 0-1

[Event "Master Open"]
[Site "Voronezh"]
[Date "2018.06.13"]
[Round "2.49"]
[White "Makarian, Rudik"]
[Black "Perov, German"]
[Result "1-0"]
[WhiteElo "2343"]
[BlackElo "2159"]
[Annotator ""]
[Source ""]
[Remark ""]

1.Nf3 Nf6 2.c4 e6 3.b3 d5 4.Bb2 b6 5.e3 Bb7 6.Be2 Be7 7.O-O O-O
8.Qc2 c5 9.cxd5 Nxd5 10.a3 Nc6 11.d3 Bf6 12.Nc3 Nxc3 13.Bxc3
Bxc3 14.Qxc3 Qe7 15.Rac1 Rac8 16.Rfd1 Rfd8 17.Qb2 Ba6 18.Rb1
e5 19.b4 e4 20.dxe4 Bxe2 21.Qxe2 Rxd1+ 22.Qxd1 cxb4 23.axb4 Nxb4
24.Nd4 g6 25.Qg4 Rd8 26.h4 h5 27.Qg3 a5 28.e5 Kh7 29.f4 a4 30.Qe1
Nd3 31.Qc3 a3 32.Qxd3 a2 33.Ra1 Qb4 34.Qb3 Rxd4 35.Qxf7+ Kh6
36.exd4 Qxd4+ 37.Kh2 Qxa1 38.Qg8 Qh1+ 39.Kxh1 a1Q+ 40.Kh2 Qa7
41.Qh8+ 1-0

[Event "Master Open"]
[Site "Voronezh"]
[Date "2018.06.13"]
[Round "2.50"]
[White "Murtazin, Ruslan"]
[Black "Tatarintsev, Egor"]
[Result "1/2-1/2"]
[WhiteElo "2308"]
[BlackElo "2125"]
[Annotator ""]
[Source ""]
[Remark ""]

1.e4 c5 2.Nf3 e6 3.d4 cxd4 4.Nxd4 Nf6 5.Nc3 Nc6 6.Ndb5 Bb4 7.a3
Bxc3+ 8.Nxc3 d5 9.exd5 exd5 10.Bd3 O-O 11.O-O d4 12.Ne2 Bg4 13.Bg5
Re8 14.f3 Bh5 15.Ng3 Bg6 16.Ne4 Ne5 17.Bb5 Re6 18.Nxf6+ gxf6
19.Bh4 Qb6 20.Bd3 Nxd3 21.cxd3 Qxb2 22.Rb1 Qxa3 23.Rb3 Qa2 24.Rf2
Re1+ 25.Qxe1 Qxb3 26.Bxf6 Qe6 27.Qxe6 fxe6 28.Bxd4 Bxd3 29.Rd2
Bc4 30.Be5 Bd5 31.Rd4 a5 32.Rg4+ Kf8 33.Rg7 a4 34.Rxh7 Ra5 35.h4
a3 36.h5 a2 37.Rh8+ Kf7 38.Rh7+ Kf8 39.Rh8+ Kf7 40.Rh7+ Kf8 41.Rh8+
Kf7 42.Rh7+ 1/2-1/2

[Event "Master Open"]
[Site "Voronezh"]
[Date "2018.06.13"]
[Round "2.51"]
[White "Grachev, Alexey"]
[Black "Gurvich, Vitaly"]
[Result "0-1"]
[WhiteElo "2203"]
[BlackElo "2305"]
[Annotator ""]
[Source ""]
[Remark ""]

1.e4 c6 2.d4 d5 3.exd5 cxd5 4.Bd3 Nc6 5.c3 Qc7 6.Ne2 Bg4 7.Qb3
Bxe2 8.Bxe2 e6 9.Nd2 Bd6 10.g3 Nf6 11.f4 h6 12.Nf3 Ne4 13.Ne5
O-O 14.Be3 Na5 15.Qc2 Rab8 16.Bd3 f5 17.Qe2 a6 18.O-O Nc6 19.Bxe4
fxe4 20.Qg4 Rf5 21.Nxc6 Qxc6 22.Qh3 h5 23.Qg2 Kf7 24.h3 Rh8 25.Rf2
Ke8 26.Qf1 g6 27.Qe2 Kd7 28.Raf1 Rf7 29.Kg2 a5 30.Rc1 Rc8 31.Qd2
b5 32.Qd1 a4 33.a3 Qc4 34.Qe2 Qc6 35.Rcf1 Rcf8 36.Kg1 Rh7 37.Kg2
Qc4 38.Qxc4 bxc4 39.Bc1 h4 40.g4 Rhf7 41.Be3 Ke8 42.g5 Rf5 43.Bc1
Kf7 44.Be3 Kg7 45.Bc1 Bc7 46.Be3 Kf7 47.Bc1 Ke7 48.Be3 Bb6 49.Re1
e5 50.fxe5 Ke6 51.Kg1 Rxf2 52.Bxf2 Rf4 53.Be3 Rf3 54.Bf2 Bd8
55.Bxh4 Rxh3 56.Bf2 Bxg5 57.Rf1 Bf4 58.Kg2 Rh2+ 59.Kg1 g5 60.Be3
Rh4 61.Bxf4 gxf4 62.Kf2 Rh2+ 63.Kg1 Rh4 64.Kf2 Kf5 65.Rg1 Rh2+
66.Rg2 e3+ 67.Kg1 e2 0-1

[Event "Master Open"]
[Site "Voronezh"]
[Date "2018.06.13"]
[Round "2.53"]
[White "Khokhlova, Daria"]
[Black "Nazaretyan, Tigran"]
[Result "1-0"]
[WhiteElo "2198"]
[BlackElo "2300"]
[Annotator ""]
[Source ""]
[Remark ""]

1.d4 Nf6 2.c4 e6 3.Nc3 Bb4 4.e3 c5 5.Nf3 Nc6 6.Bd3 O-O 7.O-O
d5 8.a3 Bxc3 9.bxc3 b6 10.a4 Ba6 11.cxd5 Bxd3 12.Qxd3 exd5 13.Ba3
c4 14.Qe2 Re8 15.Nd2 Re6 16.f3 Nh5 17.Qf2 Qg5 18.f4 Qf5 19.e4
dxe4 20.Nxc4 Nf6 21.Ne3 Qa5 22.Bb2 Rd8 23.Rfd1 Red6 24.Nc4 Qd5
25.Nxd6 Rxd6 26.Qe2 Na5 27.Ba3 Rc6 28.Rab1 Rxc3 29.Bb4 Rb3 30.Bxa5
Rxb1 31.Rxb1 Qxa5 32.Rc1 g6 33.Rc4 Kg7 34.h3 Qf5 35.Rc7 a5 36.Rc6
Nd5 37.Qg4 Qxf4 38.Qxf4 Nxf4 39.Rxb6 Ne2+ 40.Kf2 Nc3 41.Ra6 Nxa4
42.Rxa5 Nb6 43.g4 Nc4 44.Rc5 Nd6 45.Rc6 Nb5 46.Ke3 f5 47.gxf5
gxf5 48.d5 Kf7 49.Kf4 Ke7 50.Rh6 Nc3 51.Kxf5 e3 52.Re6+ Kf7 53.d6
Nb5 54.Re7+ Kf8 55.Rxe3 Nxd6+ 56.Kf4 Ne8 57.Kg5 Kf7 58.Kh6 Nf6
59.Rf3 Ke6 60.Kg7 Ne4 61.Re3 Kf5 62.Kxh7 Nf6+ 63.Kh6 Nd5 64.Ra3
Kf4 65.h4 Nf6 66.h5 Ng4+ 67.Kg6 Ne5+ 68.Kg7 1-0

[Event "Master Open"]
[Site "Voronezh"]
[Date "2018.06.13"]
[Round "2.54"]
[White "Ergeshov, Timur"]
[Black "Lingur, Zalina"]
[Result "1-0"]
[WhiteElo "2290"]
[BlackElo "2101"]
[Annotator ""]
[Source ""]
[Remark ""]

1.d4 Nf6 2.c4 e6 3.Nc3 Bb4 4.e3 O-O 5.Nge2 d5 6.a3 Bd6 7.Ng3
c5 8.dxc5 Bxc5 9.b4 Bd6 10.Bb2 Nc6 11.Be2 dxc4 12.Bxc4 b6 13.O-O
Bb7 14.Qe2 Qe7 15.Rad1 a5 16.Na4 Bc7 17.b5 Nb8 18.Nh5 Nbd7 19.Nxg7
Be5 20.Nh5 Bxb2 21.Nxb2 Ne5 22.f4 Nxc4 23.Rd7 Qc5 24.Nxf6+ Kg7
25.Nxc4 Bc8 26.Qb2 Qxc4 27.Nh5+ Kg6 28.Qf6+ 1-0

[Event "Master Open"]
[Site "Voronezh"]
[Date "2018.06.13"]
[Round "2.55"]
[White "German, Nikita"]
[Black "Kostin, Alexey"]
[Result "1-0"]
[WhiteElo "2182"]
[BlackElo "2282"]
[Annotator ""]
[Source ""]
[Remark ""]

1.e4 c5 2.Nf3 e6 3.d4 cxd4 4.Nxd4 a6 5.Bd3 Nf6 6.O-O Qc7 7.Qe2
d6 8.c4 Nc6 9.Nf3 Be7 10.Nc3 b6 11.h3 Bb7 12.Be3 O-O 13.Rac1
Ne5 14.Nxe5 dxe5 15.a3 Bc5 16.b4 Bd4 17.Bg5 Qe7 18.Qc2 a5 19.Nb5
h6 20.Bd2 Nd7 21.Nxd4 exd4 22.Qb2 e5 23.Rb1 Rfb8 24.Rfc1 Bc6
25.Kh2 Qd6 26.Qc2 axb4 27.axb4 Ra3 28.b5 Rxd3 29.Bb4 Nc5 30.Bxc5
Qxc5 31.Qxd3 Bb7 32.f3 Bc8 33.Ra1 Qe7 34.Qa3 Qf6 35.Qa7 Rb7 36.Qa8
Rc7 37.Qb8 Rc5 38.Kg1 Kh7 39.Rc2 Qg6 40.Kh2 h5 41.Qa7 h4 42.Kh1
f5 43.Qe7 Qg3 44.Qf7 Qg5 45.Rf1 d3 46.Rcf2 Qf4 47.Rd1 Qh6 48.exf5
Qg5 49.Qg6+ Qxg6 50.fxg6+ Kxg6 51.Rxd3 Rxc4 52.Rd6+ Kf5 53.Rxb6
Be6 54.Re2 Bd5 55.Rd6 Bb7 56.Rd7 1-0

[Event "Master Open"]
[Site "Voronezh"]
[Date "2018.06.13"]
[Round "2.56"]
[White "Kochukova, Anna"]
[Black "Maltsevskaya, Aleksandra"]
[Result "0-1"]
[WhiteElo "2170"]
[BlackElo "2279"]
[Annotator ""]
[Source ""]
[Remark ""]

1.e4 c6 2.d4 d5 3.Nc3 dxe4 4.Nxe4 Nf6 5.Nxf6+ gxf6 6.Nf3 e6 7.c3
b6 8.Bf4 Bb7 9.Qd2 Bd6 10.O-O-O Qc7 11.Bxd6 Qxd6 12.Qh6 Nd7 13.Nd2
O-O-O 14.f3 Qe7 15.Bc4 f5 16.Rhe1 Rdg8 17.g3 Qf6 18.Qf4 h5 19.Bb3
Qh6 20.Qd6 Rd8 21.Qa3 Kc7 22.Kb1 h4 23.g4 fxg4 24.Ne4 Qf8 25.Qxf8
Rdxf8 26.fxg4 Rhg8 27.h3 Rg7 28.Nd2 c5 29.Re3 cxd4 30.cxd4 Nf6
31.Nf3 Nd5 32.Red3 Kd6 33.Nd2 Rc8 34.Nc4+ Ke7 35.Ne5 Nf4 36.Re3
Ng2 37.Rc3 Rxc3 38.bxc3 Nf4 39.c4 f6 40.Nd3 Nxd3 41.Rxd3 Be4
42.Bc2 Bxd3 43.Bxd3 Rg5 44.Kc2 f5 0-1

[Event "Master Open"]
[Site "Voronezh"]
[Date "2018.06.13"]
[Round "2.57"]
[White "Volotovsky, Kirill"]
[Black "Chapurin, Alexey V."]
[Result "1-0"]
[WhiteElo "2159"]
[BlackElo "2262"]
[Annotator ""]
[Source ""]
[Remark ""]

1.e4 e6 2.d4 d5 3.Bd3 dxe4 4.Bxe4 Nf6 5.Bf3 Nbd7 6.Nc3 Bb4 7.Nge2
O-O 8.O-O h6 9.a3 Be7 10.Bf4 g5 11.Be3 g4 12.Be4 Nxe4 13.Nxe4
f5 14.Nf4 Nf6 15.Nxf6+ Bxf6 16.c3 Qe8 17.Nd3 Kh7 18.Bf4 Qf7 19.f3
h5 20.Be5 Bd8 21.fxg4 hxg4 22.h3 b6 23.hxg4 Bb7 24.Kf2 Bh4+ 25.g3
fxg4+ 26.Nf4 Qh5 27.Qd3+ Rf5 28.gxh4 g3+ 29.Ke1 Qxh4 30.Kd2 g2
31.Nxg2 Bxg2 32.Rxf5 exf5 33.Qxf5+ Kh6 34.Rg1 Qe4 35.Bf4+ 1-0